000 00514nam a2200193 a 4500
001 2735
003 CO-ViMGA
008 141112s2004 ck r 000 u spa d
040 _aCO-ViMGA
_bspa
_cCO-ViMGA
082 0 4 _a574.87 A511
100 1 _aAlbarracin, Teulon Augustin
_951795
245 1 0 _aLa teoria celular :
_bhistoria de un paradigma
260 _aMadrid :
_bAlianza,
_c1983
300 _a298 p
490 _aUniversidad, 366
650 1 4 _aCITOLOGIA
650 1 4 _aTEORIA CELULAR
_951797
942 _2ddc
_cBK
999 _c14809
_d14809